| 000 | 00603nmm a2200169Ia 4500 | ||
|---|---|---|---|
| 008 | 251105s9999||||xx |||||||||||||||||und|| | ||
| 020 | _a9789587810172 | ||
| 041 | _aspa | ||
| 100 | _aGonzález Jácome, Jorge | ||
| 245 | 0 | _aEstados de excepción y democracia liberal en América del Sur : Argentina, Chile y Colombia (1930-1990) | |
| 264 |
_a[Bogotá, Colombia] : _bEditorial Pontificia Universidad Javeriana, _c2015 |
||
| 300 | _a376 páginas | ||
| 490 | _aFronteras del derecho | ||
| 650 | _aPolitical Science (General) | ||
| 856 | _uhttps://public.digitaliapublishing.com/a/46971 | ||
| 942 | _cCF | ||
| 999 |
_c96295 _d96295 |
||